| 000 | 00756nam a22002177a 4500 | ||
|---|---|---|---|
| 999 |
_c688 _d688 |
||
| 001 | 688 | ||
| 003 | BD-JhCC | ||
| 005 | 20171008195857.0 | ||
| 008 | 171008s1991 bg |||| |||| 000 0 ben d | ||
| 035 | _a(BD-JhCC)688 | ||
| 040 |
_aBD-JhCC _dBD-JhCC |
||
| 041 | _aeng | ||
| 082 |
_a954.9205 _bHAB 1991 |
||
| 100 | _aহাবিব, হারুন | ||
| 245 |
_aপ্রত্যক্ষদর্শীর চোখে মুক্তি যুদ্ধ / _cহারুন হাবিব |
||
| 260 |
_aঢাকা : _bনওরোজ কিতাবিস্তান, _c১৯৯১. |
||
| 300 |
_a২৮৪ পৃ. : _c২২ সেমি. |
||
| 650 |
_aHistory Liberation War, 1971 _zBangladesh |
||
| 942 |
_2ddc _cBK |
||